Carrera, salto y lanzamiento en la escuela elemental

Furkejuvvon:
Bibliográfalaš dieđut
Váldodahkki: Koch, Karl (Dahkki)
Materiálatiipa: Girji
Giella:espánnjágiella
Almmustuhtton: Buenos Aires Kapelusz 1973
Ráidu:Colección de pedagogía práctica
Fáttát:
Fáddágilkorat: Lasit fáddágilkoriid
Eai fáddágilkorat, Lasit vuosttaš fáddágilkora!

MARC

LEADER 00000nam a2200000 a 4500
001 UCY9600
003 CL-VaPUC
008 950717e19730400AG |||||||||||||||||spa|d
082 0 4 |a 796.41  |b KOC  |2 21 
100 |a Koch, Karl  |e author  |9 549734 
245 1 0 |a Carrera, salto y lanzamiento en la escuela elemental 
300 |a 83 p 
942 |c BK 
945 |d 19950717 00:00:00  |a cmena 
260 |a Buenos Aires  |b Kapelusz  |c 1973 
650 0 |a Atletismo  |9 307422 
650 0 |a Educación básica   |9 224933 
650 0 |a Educación física  |9 240893 
650 7 |a DEPORTE  |2 CL-VaPUC  |9 341977 
650 0 |a Competencias  |9 341916 
583 |a last modification  |c 19950717 00:00:00  |k Rodrigo Vera 
490 0 |a Colección de pedagogía práctica 
999 |c 236665  |d 236663 
952 |0 0  |1 0  |4 0  |6 796_410000000000000_KOC_1973  |7 0  |8 P  |9 244916  |a BIBEDU  |b BIBEDU  |c BIBEDU_PB  |d 2019-11-18  |i 1537148  |o 796.41 KOC 1973  |p 1537148  |r 2024-01-25  |w 2019-11-18  |y BK  |k EDU 
952 |0 0  |1 0  |4 0  |6 796_410000000000000_KOC_1973  |7 0  |8 P  |9 244917  |a BIBEDU  |b BIBEDU  |c BIBEDU_PB  |d 2019-11-18  |i 1537156  |o 796.41 KOC 1973  |p 1537156  |r 2024-01-25  |w 2019-11-18  |y BK  |k EDU 
952 |0 0  |1 0  |4 0  |6 796_410000000000000_KOC_1973  |7 0  |8 P  |9 244918  |a BIBEDU  |b BIBEDU  |c BIBEDU_PB  |d 2019-11-18  |i 1550519  |o 796.41 KOC 1973  |p 1550519  |r 2024-01-25  |w 2019-11-18  |y BK  |k EDU 
952 |0 0  |1 0  |4 0  |6 796_410000000000000_KOC_1973  |7 0  |8 P  |9 244919  |a BIBEDU  |b BIBEDU  |c BIBEDU_PB  |d 2019-11-18  |i 1550527  |o 796.41 KOC 1973  |p 1550527  |r 2024-01-25  |w 2019-11-18  |y BK  |k EDU 
952 |0 0  |1 0  |4 0  |6 796_410000000000000_KOC_1973  |7 0  |8 P  |9 244920  |a BIBEDU  |b BIBEDU  |c BIBEDU_PB  |d 2019-11-18  |i 1550535  |o 796.41 KOC 1973  |p 1550535  |r 2024-01-25  |w 2019-11-18  |y BK  |k EDU 
952 |0 0  |1 0  |4 0  |6 796_410000000000000_KOC_1973  |7 0  |8 P  |9 244921  |a BIBEDU  |b BIBEDU  |c BIBEDU_PB  |d 2019-11-18  |i 1550543  |o 796.41 KOC 1973  |p 1550543  |r 2024-01-25  |w 2019-11-18  |y BK  |k EDU